000 00733nam a2200253 i 4500
001 bg
100 1 _aOLCHOWICZ, Irena
245 1 0 _aRachunkowość podatkowa /
_cIrena Olchowicz.
250 _aWyd.4.
260 _aWarszawa :
_b"Difin",
_c2001.
300 _a514 s. ;
_c24 cm.
490 1 _aVademecum Rachunkowości
504 _aBibliogr.
650 9 _aPodatek
_xrachunkowość
_xprawo
_zPolska
_ystan na 2001 r.
830 _aVademecum Rachunkowości
020 _a8372511896
040 _cBPK
041 0 _apl
080 _a336.221.24:657](438)
920 _a83-7251-189-6
942 _cKS
008 s pl f |000 0 pol
999 _c41551
_d41551
856 _uhttp://koha.tu.koszalin.pl/cgi-bin/koha/opac-detail.pl?biblionumber=41551
_yKatalog online BPK